000 00241nam a2200097Ia 4500
008 120527s9999 xx 000 0 und d
100 _aUNIVERSITY OF NIG.
245 _aUniversity of Nigeria 2001-2004 calendar
260 _bU. N
942 _cBK
999 _c25255
_d25255